Проблемы и тенденции развития современных малых космических аппаратов; Современные техника и технологии; Т. 1

Մատենագիտական մանրամասներ
Parent link:Современные техника и технологии: сборник трудов XIX международной научно-практической конференции студентов, аспирантов и молодых ученых, Томск, 15-19 апреля 2013 г./ Национальный исследовательский Томский политехнический университет (ТПУ).— , 2013
Т. 1.— 2013.— [С. 307-308]
Հիմնական հեղինակ: Болгов И. С. Игорь Сергеевич
Համատեղ հեղինակ: Национальный исследовательский Томский политехнический университет (ТПУ) Энергетический институт (ЭНИН) Кафедра электропривода и электрооборудования (ЭПЭО)
Այլ հեղինակներ: Дементьев Ю. Н. Юрий Николаевич (научный руководитель)
Ամփոփում:Заглавие с титульного экрана
Լեզու:ռուսերեն
Հրապարակվել է: 2013
Շարք:Электромеханика
Խորագրեր:
Առցանց հասանելիություն:http://www.lib.tpu.ru/fulltext/c/2013/C01/V1/150.pdf
Ձևաչափ: Էլեկտրոնային Գրքի գլուխ
KOHA link:https://koha.lib.tpu.ru/cgi-bin/koha/opac-detail.pl?biblionumber=243575

MARC

LEADER 00000naa2a2200000 4500
001 243575
005 20251218155927.0
035 |a (RuTPU)RU\TPU\book\264925 
090 |a 243575 
100 |a 20131002d2013 k y0rusy50 ca 
101 0 |a rus 
102 |a RU 
135 |a drnn ---uucaa 
181 0 |a i  
182 0 |a b 
200 1 |a Проблемы и тенденции развития современных малых космических аппаратов  |f И. С. Болгов  |g науч. рук. Ю. Н. Дементьев 
203 |a Текст  |c электронный 
225 1 |a Электромеханика 
300 |a Заглавие с титульного экрана 
320 |a [Библиогр.: с. 308 (5 назв.)] 
337 |a Adobe Reader 
461 1 |0 (RuTPU)RU\TPU\book\263794  |t Современные техника и технологии  |o сборник трудов XIX международной научно-практической конференции студентов, аспирантов и молодых ученых, Томск, 15-19 апреля 2013 г.  |o в 3 т.  |f Национальный исследовательский Томский политехнический университет (ТПУ)   |d 2013 
463 1 |0 (RuTPU)RU\TPU\book\263795  |t Т. 1  |v [С. 307-308]  |d 2013 
610 1 |a труды учёных ТПУ 
610 1 |a электронный ресурс 
610 1 |a малые космические аппараты 
610 1 |a спутники 
610 1 |a спутники связи 
700 1 |a Болгов  |b И. С.  |c специалист в области электротехники  |c ассистент Томского политехнического университета  |f 1989-  |g Игорь Сергеевич  |3 (RuTPU)RU\TPU\pers\36877 
702 1 |a Дементьев  |b Ю. Н.  |c специалист в области электротехники  |c заведующий кафедрой Томского политехнического университета, кандидат технических наук  |f 1953-  |g Юрий Николаевич  |3 (RuTPU)RU\TPU\pers\25853  |4 727 
712 0 2 |a Национальный исследовательский Томский политехнический университет (ТПУ)  |b Энергетический институт (ЭНИН)  |b Кафедра электропривода и электрооборудования (ЭПЭО)  |3 (RuTPU)RU\TPU\col\18674 
801 2 |a RU  |b 63413507  |c 20160607  |g RCR 
856 4 |u http://www.lib.tpu.ru/fulltext/c/2013/C01/V1/150.pdf 
942 |c CF